[Event "Excelsior March op"]
[Site "Toronto CAN"]
[Date "2023.03.11"]
[Round "2.45"]
[White "Ashcroft, Michael"]
[Black "Pedersen, Noah"]
[Result "1-0"]
[WhiteElo "1523"]
[BlackElo "1157"]
[PlyCount "37"]
[EventDate "2023.03.19"]
[EventType "swiss"]
[EventRounds "5"]
[EventCountry "CAN"]

1. d4 d5 2. Nf3 Nf6 3. Bf4 Bf5 4. e3 e6 5. Bd3 Bg6 6. O-O Nbd7 7. c4 Bxd3 8.
Qxd3 dxc4 9. Qxc4 c6 10. Nbd2 Nb6 11. Qb3 Bd6 12. Bg5 Qc7 13. e4 e5 14. Rac1
exd4 15. Rfe1 Ng4 16. e5 Be7 17. Bxe7 Qxe7 18. e6 Nd5 19. exf7+ 1-0

[Event "Excelsior March op"]
[Site "Toronto CAN"]
[Date "2023.03.11"]
[Round "2.46"]
[White "Hong, Zihan"]
[Black "Clarizio, Joshua"]
[Result "0-1"]
[WhiteElo "1084"]
[BlackElo "1350"]
[PlyCount "114"]
[EventDate "2023.03.19"]
[EventType "swiss"]
[EventRounds "5"]
[EventCountry "CAN"]

1. d4 g6 2. Nf3 Bg7 3. Bf4 Nf6 4. e3 d6 5. Nc3 O-O 6. Be2 Nbd7 7. O-O Re8 8. h3
e5 9. dxe5 dxe5 10. Nxe5 Nxe5 11. Qxd8 Rxd8 12. Bxe5 Bf5 13. Rac1 Rd2 14. Bd1
c6 15. Bd4 Ne4 16. Bxg7 Kxg7 17. Nxe4 Bxe4 18. f3 Bf5 19. Rf2 Rad8 20. e4 Be6
21. a3 Rxd1+ 22. Rxd1 Rxd1+ 23. Kh2 Rb1 24. b3 Ra1 25. a4 Rd1 26. Kg3 b5 27.
axb5 cxb5 28. Kf4 f6 29. e5 fxe5+ 30. Kxe5 Kf7 31. f4 Rd5+ 32. Ke4 a6 33. g4
Rc5 34. Kd4 Rd5+ 35. Ke4 a5 36. f5 gxf5+ 37. gxf5 Rxf5 38. Rd2 Rh5 39. Rf2+ Rf5
40. Rd2 a4 41. bxa4 bxa4 42. Rd1 a3 43. Ra1 a2 44. c4 Rf2 45. Kd3 Bxh3 46. Ke3
Rc2 47. Kd3 Bf5+ 48. Kd4 h5 49. Ke5 Rf2 50. c5 h4 51. c6 h3 52. c7 h2 53. Rc1
Bc8 54. Kd6 Rb2 55. Rf1+ Kg6 56. Rf8 Rd2+ 57. Ke7 Rd7+ 0-1

[Event "Excelsior March op"]
[Site "Toronto CAN"]
[Date "2023.03.11"]
[Round "3.2"]
[White "Plotkin, Victor"]
[Black "Bora, Safal"]
[Result "0-1"]
[WhiteElo "2176"]
[BlackElo "2461"]
[PlyCount "98"]
[EventDate "2023.03.19"]
[EventType "swiss"]
[EventRounds "5"]
[EventCountry "CAN"]

1. e4 e6 2. d4 d5 3. exd5 exd5 4. Nf3 Nc6 5. Nc3 Bf5 6. Bd3 Qd7 7. O-O Nge7 8.
Re1 O-O-O 9. a3 f6 10. Na4 Ng6 11. Be3 Bd6 12. Bf1 Bg4 13. Nc3 Nh4 14. Be2 Nf5
15. Nxd5 Bxh2+ 16. Nxh2 Bxe2 17. Qxe2 Qxd5 18. c3 Rhe8 19. Qf3 Na5 20. Qxd5
Rxd5 21. Bd2 Rxe1+ 22. Rxe1 Kd7 23. Nf1 Rb5 24. b4 Nc4 25. a4 Rb6 26. Ne3 Nfxe3
27. Bxe3 Ra6 28. a5 b6 29. axb6 axb6 30. Kh2 Ra3 31. Rc1 Ke6 32. Bf4 c6 33. g4
Kd5 34. Bc7 Ke6 35. Kg2 Kd7 36. Bf4 b5 37. Kf3 h6 38. Ke4 Ke6 39. Kd3 Ra2 40.
Re1+ Kd5 41. Re7 Rxf2 42. Bc1 Rf3+ 43. Kc2 g5 44. Rh7 Nd6 45. Rxh6 Ne4 46. Rh8
Kc4 47. Re8 Rf2+ 48. Kd1 Kd3 49. Ke1 Re2+ 0-1

[Event "Excelsior March op"]
[Site "Toronto CAN"]
[Date "2023.03.11"]
[Round "3.4"]
[White "Mao, Fengxi"]
[Black "Ibarra Chami, Luis Fernando"]
[Result "1/2-1/2"]
[WhiteElo "1987"]
[BlackElo "2447"]
[PlyCount "114"]
[EventDate "2023.03.19"]
[EventType "swiss"]
[EventRounds "5"]
[EventCountry "CAN"]

1. b3 e5 2. Bb2 Nc6 3. Nf3 e4 4. Nd4 Nxd4 5. Bxd4 d5 6. e3 Nf6 7. c4 c5 8. Bxf6
Qxf6 9. Nc3 d4 10. Nxe4 Qe5 11. Bd3 dxe3 12. dxe3 Bg4 13. f3 f5 14. Nf2 Bh5 15.
O-O O-O-O 16. f4 Qe8 17. Bxf5+ Kb8 18. Qe1 g5 19. Bg4 Bg7 20. Rd1 Bxg4 21.
Rxd8+ Qxd8 22. Nxg4 h5 23. Ne5 Qc7 24. Qg3 gxf4 25. exf4 h4 26. Qg4 Ka8 27. Ng6
Rg8 28. f5 Bd4+ 29. Kh1 Qa5 30. Qxh4 a6 31. h3 Qxa2 32. Qg3 Re8 33. Kh2 Qb2 34.
Rf3 Qc1 35. h4 Re1 36. Kh3 Bf6 37. Qf4 Rh1+ 38. Kg4 Qc2 39. g3 Re1 40. Kh5 Qd1
41. g4 Qd7 42. g5 Bd8 43. f6 Qh7+ 44. Kg4 Qxg6 45. f7 Rg1+ 46. Rg3 Rxg3+ 47.
Kxg3 Qd3+ 48. Kg4 Qd1+ 49. Qf3 Qd4+ 50. Kh3 Be7 51. f8=Q+ Bxf8 52. Qxf8+ Ka7
53. Qf3 Qg1 54. Qg3 Qh1+ 55. Qh2 Qf3+ 56. Qg3 Qh1+ 57. Qh2 Qf3+ 1/2-1/2

[Event "Excelsior March op"]
[Site "Toronto CAN"]
[Date "2023.03.11"]
[Round "3.5"]
[White "Mikhalevski, Victor"]
[Black "Huang, Youhe"]
[Result "1-0"]
[WhiteElo "2519"]
[BlackElo "2070"]
[PlyCount "79"]
[EventDate "2023.03.19"]
[EventType "swiss"]
[EventRounds "5"]
[EventCountry "CAN"]

1. c4 e5 2. g3 Nf6 3. Bg2 c6 4. Nf3 e4 5. Nd4 Bc5 6. Nb3 Bb6 7. c5 Bc7 8. Nc3
a5 9. Nxe4 a4 10. Nd4 Nxe4 11. Bxe4 Qf6 12. Nf3 d5 13. cxd6 Bxd6 14. O-O Bh3
15. Re1 O-O 16. d4 h6 17. Bc2 Re8 18. Qd3 Nd7 19. Qh7+ Kf8 20. Bg5 hxg5 21.
Qh8+ Ke7 22. Qxh3 Kd8 23. Qg4 Kc7 24. Nxg5 Bb4 25. Red1 Nb6 26. e4 Be7 27. h4
Rf8 28. Nh7 Qd6 29. Nxf8 Rxf8 30. e5 Qh6 31. Be4 f6 32. Rac1 fxe5 33. dxe5 Kb8
34. Qg6 Qxg6 35. Bxg6 a3 36. bxa3 Bxa3 37. Rc2 Kc7 38. f4 c5 39. Rd3 Ra8 40. e6
1-0

[Event "Excelsior March op"]
[Site "Toronto CAN"]
[Date "2023.03.11"]
[Round "3.6"]
[White "Sambuev, Bator"]
[Black "Raninga, Aditya"]
[Result "1-0"]
[WhiteElo "2434"]
[BlackElo "1939"]
[PlyCount "139"]
[EventDate "2023.03.19"]
[EventType "swiss"]
[EventRounds "5"]
[EventCountry "CAN"]

1. d4 d6 2. e4 c6 3. g3 Qc7 4. Bg2 e5 5. Ne2 Nf6 6. O-O Bg4 7. Nbc3 Nbd7 8. h3
Bxe2 9. Nxe2 Be7 10. f4 O-O-O 11. Be3 Kb8 12. c3 h5 13. Qc2 Rhf8 14. a4 Nh7 15.
a5 Ka8 16. a6 b6 17. Nc1 Rde8 18. Nd3 f6 19. Qe2 h4 20. gxh4 Bd8 21. Qh5 Rh8
22. Qg4 Reg8 23. Bf2 g6 24. Qe2 Nhf8 25. Bg3 Rh7 26. Nb4 Nb8 27. Rad1 Nfd7 28.
Rd2 Qc8 29. fxe5 fxe5 30. dxe5 dxe5 31. Qg4 Qc7 32. Qe6 Rgg7 33. Qg4 g5 34. h5
Be7 35. Rfd1 Bxb4 36. cxb4 Nxa6 37. h6 Re7 38. Rxd7 Rxd7 39. Rxd7 Qxd7 40. Qxd7
Rxd7 41. Bxe5 Rh7 42. Bg7 Nc7 43. e5 Ne6 44. Bxc6+ Kb8 45. Be4 Rxg7 46. hxg7
Nxg7 47. Kf2 Kc7 48. Kf3 Kd7 49. Bd5 Nh5 50. Kg4 Nf4 51. Bc4 b5 52. Bxb5+ Ke6
53. h4 Kxe5 54. Kxg5 Ne6+ 55. Kg4 Nd4 56. Bc4 Kf6 57. Kf4 Nc6 58. b5 Ne5 59.
Be2 Ng6+ 60. Kg3 Ne5 61. Kf2 Nd7 62. Ke3 Ke5 63. h5 Nf6 64. h6 Nd5+ 65. Kf3 Nf6
66. Bd3 Kd4 67. Bf5 Kc4 68. Kf4 Kd5 69. Kg5 Ke5 70. b3 1-0

[Event "Excelsior March op"]
[Site "Toronto CAN"]
[Date "2023.03.11"]
[Round "3.9"]
[White "Reprintsev, Alexander"]
[Black "Yang, Lefan"]
[Result "0-1"]
[WhiteElo "2279"]
[BlackElo "1745"]
[PlyCount "70"]
[EventDate "2023.03.19"]
[EventType "swiss"]
[EventRounds "5"]
[EventCountry "CAN"]

1. e4 c5 2. b3 Nc6 3. Bb2 e6 4. Qe2 Nf6 5. e5 Nd5 6. Nf3 Be7 7. g3 a6 8. c4 Nc7
9. Bg2 f6 10. O-O O-O 11. Nc3 fxe5 12. Nxe5 Nd4 13. Qh5 Rf5 14. Qh3 Rxe5 15. f4
Rf5 16. Be4 g6 17. Bxf5 exf5 18. Rae1 Bf6 19. Qg2 Bg7 20. h3 d6 21. d3 Bd7 22.
Re3 Bc6 23. Qf2 Qf8 24. Rfe1 Re8 25. Rxe8 Bxe8 26. Kf1 Bc6 27. Re3 h6 28. Ke1
Bf6 29. Kd1 b5 30. Kc1 Qg7 31. Nd1 a5 32. cxb5 Bxb5 33. Qd2 Nd5 34. Bxd4 Bxd4
35. Re6 Be3 0-1

[Event "Excelsior March op"]
[Site "Toronto CAN"]
[Date "2023.03.11"]
[Round "3.10"]
[White "Dukic, Zachary"]
[Black "Chen, Richard"]
[Result "1/2-1/2"]
[WhiteElo "2238"]
[BlackElo "1820"]
[PlyCount "37"]
[EventDate "2023.03.19"]
[EventType "swiss"]
[EventRounds "5"]
[EventCountry "CAN"]

1. e4 e5 2. Nf3 Nc6 3. Bb5 a6 4. Ba4 Nf6 5. O-O Be7 6. d3 d6 7. c4 O-O 8. h3
Nd4 9. Nxd4 exd4 10. Nd2 Bd7 11. b4 b5 12. cxb5 axb5 13. Bb3 c5 14. bxc5 dxc5
15. e5 Ne8 16. f4 Be6 17. Bxe6 fxe6 18. Qb3 Nc7 19. a4 1/2-1/2

[Event "Excelsior March op"]
[Site "Toronto CAN"]
[Date "2023.03.11"]
[Round "3.11"]
[White "Huh, Isaak"]
[Black "Gavrilin, Roman"]
[Result "1/2-1/2"]
[WhiteElo "1801"]
[BlackElo "2152"]
[PlyCount "64"]
[EventDate "2023.03.19"]
[EventType "swiss"]
[EventRounds "5"]
[EventCountry "CAN"]

1. e4 c5 2. Nf3 d6 3. d4 cxd4 4. Nxd4 Nf6 5. Nc3 a6 6. Bg5 e6 7. f4 Qc7 8. Qf3
b5 9. O-O-O Bb7 10. Bd3 Nbd7 11. Rhe1 Be7 12. Qg3 h6 13. Bh4 g5 14. fxg5 Nh5
15. Qe3 O-O-O 16. g4 hxg5 17. Bxg5 Bxg5 18. Qxg5 Nhf6 19. Bxb5 axb5 20. Ndxb5
Qc5 21. Nxd6+ Kb8 22. Nxf7 Qxg5+ 23. Nxg5 Ne5 24. Rxd8+ Rxd8 25. Nxe6 Re8 26.
Nc5 Nfxg4 27. Nxb7 Kxb7 28. Re2 Rh8 29. b3 Nxh2 30. Kb2 Nhf3 31. Rg2 Ne1 32.
Re2 N1f3 1/2-1/2

[Event "Excelsior March op"]
[Site "Toronto CAN"]
[Date "2023.03.11"]
[Round "3.12"]
[White "Chen, Max"]
[Black "Brajkovic, Nikola"]
[Result "1-0"]
[WhiteElo "2111"]
[BlackElo "1766"]
[PlyCount "78"]
[EventDate "2023.03.19"]
[EventType "swiss"]
[EventRounds "5"]
[EventCountry "CAN"]

1. e4 d6 2. d4 g6 3. Nc3 Bg7 4. Nf3 Bg4 5. Bc4 e6 6. Be3 Ne7 7. h3 Bxf3 8. Qxf3
Nd7 9. O-O O-O 10. Rad1 Nb6 11. Bb3 c6 12. Bg5 Qd7 13. Bf6 Bxf6 14. Qxf6 d5 15.
f3 Qe8 16. Rfe1 Rd8 17. Rd3 Nd7 18. Qh4 Nb6 19. Nd1 Kg7 20. Ne3 f6 21. c4 Qf7
22. Rdd1 Rd7 23. Re2 Rfd8 24. exd5 exd5 25. c5 Nbc8 26. Rde1 Ng8 27. Qg3 Nce7
28. Bc2 f5 29. Nd1 f4 30. Qg5 Rf8 31. Re6 Kh8 32. Nf2 Qg7 33. R1e5 Rf6 34. Rxf6
Qxf6 35. h4 Qxg5 36. hxg5 Rd8 37. Re6 Nc8 38. Kh2 Kg7 39. Kh3 Rf8 1-0

[Event "Excelsior March op"]
[Site "Toronto CAN"]
[Date "2023.03.11"]
[Round "3.14"]
[White "Campbell, Ryan"]
[Black "Lakhani, Riyaan"]
[Result "1-0"]
[WhiteElo "2018"]
[BlackElo "1641"]
[PlyCount "119"]
[EventDate "2023.03.19"]
[EventType "swiss"]
[EventRounds "5"]
[EventCountry "CAN"]

1. e4 c5 2. Nf3 g6 3. c3 d5 4. exd5 Qxd5 5. d4 Nc6 6. Na3 a6 7. Be3 cxd4 8.
Nxd4 Bd7 9. Nc4 Rd8 10. Nb3 Qxd1+ 11. Rxd1 Bc8 12. Rxd8+ Nxd8 13. Nb6 Be6 14.
Be2 Nf6 15. Bf3 Bg4 16. Ke2 Bg7 17. Rd1 O-O 18. Nc5 Re8 19. Bxg4 Nxg4 20. Rd7
Nxe3 21. fxe3 Be5 22. g3 Bd6 23. Nxb7 Nxb7 24. Rxb7 Rb8 25. Rxb8+ Bxb8 26. b4
f5 27. a4 Kf7 28. c4 e5 29. e4 Ke7 30. c5 Ke6 31. Kf3 h6 32. h3 h5 33. b5 axb5
34. axb5 Ba7 35. Na4 Kd7 36. Ke3 Kc8 37. b6 Bb8 38. c6 Bd6 39. Kf3 Ba3 40. Nc3
Bc5 41. Nd5 Kb8 42. b7 Bd6 43. Nf6 Bc7 44. Nd7+ Ka7 45. Ke3 Bd6 46. Kd3 Bc7 47.
Kc4 h4 48. gxh4 f4 49. Kd3 Bd6 50. Ke2 Bc7 51. Nf8 Kb6 52. Nxg6 Kxc6 53. h5
Kxb7 54. h6 Bd8 55. h7 Bf6 56. h8=Q Bxh8 57. Nxh8 Kc6 58. Kf3 Kd6 59. Ng6 Ke6
60. Nxf4+ 1-0

[Event "Excelsior March op"]
[Site "Toronto CAN"]
[Date "2023.03.11"]
[Round "3.15"]
[White "Wiebe, Isaac"]
[Black "Zhong, Ryan Yunhui"]
[Result "1-0"]
[WhiteElo "1994"]
[BlackElo "1636"]
[PlyCount "113"]
[EventDate "2023.03.19"]
[EventType "swiss"]
[EventRounds "5"]
[EventCountry "CAN"]

1. e4 e6 2. d4 d5 3. Bd3 Nf6 4. e5 Nfd7 5. Nf3 c5 6. c3 Nc6 7. O-O cxd4 8. cxd4
Qb6 9. Bc2 f6 10. exf6 Nxf6 11. Nc3 Bd6 12. a3 O-O 13. Qd3 Ne7 14. Bg5 Ng6 15.
g3 Bd7 16. Rfe1 Rac8 17. Rab1 Ne4 18. Rxe4 dxe4 19. Qxe4 Qc6 20. Qxc6 Bxc6 21.
Nd2 Ne7 22. Nc4 Bxa3 23. Nxa3 Nf5 24. Rd1 b5 25. Bb3 Kf7 26. g4 Nh6 27. Bxh6
gxh6 28. Re1 Rfe8 29. Naxb5 Bxb5 30. Nxb5 Rcd8 31. Nc7 Re7 32. Nxe6 Rb8 33.
Nd8+ Ke8 34. Rxe7+ Kxd8 35. Re3 Rb4 36. Rd3 a5 37. Bg8 Rxb2 38. Ra3 Rb5 39.
Bxh7 Kc7 40. Rc3+ Kb6 41. Be4 a4 42. Bc6 Rb4 43. Bxa4 Rxa4 44. Rh3 Rxd4 45.
Rxh6+ Kc7 46. h3 Kd7 47. Rf6 Ke7 48. Rf3 Ra4 49. Kg2 Ke6 50. Kg3 Rb4 51. h4 Ke5
52. h5 Rb6 53. Kh4 Ke4 54. Rf8 Kd3 55. Re8 Rb4 56. h6 Rb6 57. Kh5 1-0

[Event "Excelsior March op"]
[Site "Toronto CAN"]
[Date "2023.03.11"]
[Round "3.16"]
[White "Filipovich, David"]
[Black "Jiang, Hancy"]
[Result "1/2-1/2"]
[WhiteElo "1993"]
[BlackElo "1570"]
[PlyCount "125"]
[EventDate "2023.03.19"]
[EventType "swiss"]
[EventRounds "5"]
[EventCountry "CAN"]

1. Nf3 Nf6 2. g3 g6 3. Bg2 Bg7 4. O-O O-O 5. d4 d6 6. b3 Nfd7 7. Bb2 e5 8. e4
Nc6 9. c3 Ne7 10. Nbd2 a5 11. Qc2 Kh8 12. Rad1 h6 13. Rfe1 f5 14. exf5 gxf5 15.
dxe5 dxe5 16. Nc4 e4 17. Nd4 Ra6 18. f3 exf3 19. Nxf3 b5 20. Nce5 Rd6 21. c4
Nxe5 22. Nxe5 Rxd1 23. Rxd1 Qe8 24. Re1 Qd8 25. cxb5 Qd6 26. Nc4 Qc5+ 27. Qf2
Qxf2+ 28. Kxf2 Ng6 29. Bxg7+ Kxg7 30. Nxa5 f4 31. gxf4 Rxf4+ 32. Kg1 Rg4 33.
Rc1 Bf5 34. Kh1 Kf6 35. Rxc7 Nf4 36. Bf3 Rg8 37. b6 Nh3 38. Rc6+ Ke5 39. Rc5+
Kd4 40. Rd5+ Kc3 41. Rc5+ Kb4 42. Rc4+ Kxa5 43. Bg2 Kxb6 44. Rh4 Nf2+ 45. Kg1
Ng4 46. Bf3 h5 47. h3 Ne5+ 48. Kf2 Rf8 49. Rxh5 Nxf3 50. Rh6+ Kb5 51. Kxf3 Bb1+
52. Kg4 Bxa2 53. Kg5 Bxb3 54. h4 Bc2 55. h5 Rf5+ 56. Kg6 Rf1+ 57. Kg7 Rg1+ 58.
Kf6 Rg8 59. Rg6 Bxg6 60. hxg6 Kc5 61. g7 Kd6 62. Kf7 Rxg7+ 63. Kxg7 1/2-1/2

[Event "Excelsior March op"]
[Site "Toronto CAN"]
[Date "2023.03.11"]
[Round "3.17"]
[White "Reshetniak, Vitaliy"]
[Black "Malakar, Saarthak"]
[Result "1-0"]
[WhiteElo "1978"]
[BlackElo "1546"]
[PlyCount "69"]
[EventDate "2023.03.19"]
[EventType "swiss"]
[EventRounds "5"]
[EventCountry "CAN"]

1. d4 c6 2. c4 d5 3. Nc3 Nf6 4. e3 a6 5. Nf3 Bf5 6. Ne5 e6 7. g4 Bg6 8. h4 dxc4
9. Bxc4 Be4 10. f3 Bd5 11. Be2 c5 12. e4 Bc6 13. Be3 cxd4 14. Bxd4 Bd6 15. Qb3
Bxe5 16. Bxe5 Nbd7 17. Bd6 Qa5 18. O-O-O Rc8 19. Kb1 b5 20. h5 h6 21. Rhe1 Qb6
22. Bf1 Nc5 23. Qb4 Nb7 24. Be5 a5 25. Qd4 Qxd4 26. Rxd4 b4 27. Nb5 Rd8 28. Rc1
Rxd4 29. Bxd4 Kd7 30. Na7 Nd8 31. Bb6 Ba8 32. Bb5+ Kd6 33. Rd1+ Nd5 34. f4 Ke7
35. Bc5+ 1-0

[Event "Excelsior March op"]
[Site "Toronto CAN"]
[Date "2023.03.11"]
[Round "3.18"]
[White "Ruchinskaya, Valerie"]
[Black "Siddeley, Hugh"]
[Result "1-0"]
[WhiteElo "1541"]
[BlackElo "1976"]
[PlyCount "105"]
[EventDate "2023.03.19"]
[EventType "swiss"]
[EventRounds "5"]
[EventCountry "CAN"]

1. d4 Nf6 2. Bf4 d5 3. e3 c5 4. c3 Nc6 5. Nd2 e6 6. Ngf3 cxd4 7. exd4 Nh5 8.
Bg5 f6 9. Bh4 Bd6 10. Bg3 Nf4 11. Bxf4 Bxf4 12. Qc2 Qc7 13. Bd3 g6 14. g3 Bd6
15. O-O O-O 16. Rfd1 Kh8 17. Bf1 e5 18. dxe5 fxe5 19. c4 Bf5 20. Qa4 d4 21. Ng5
Bd7 22. Rac1 Bc5 23. Nge4 b6 24. a3 a5 25. Nxc5 bxc5 26. Ne4 Ne7 27. Qc2 a4 28.
Qd2 Rab8 29. Bd3 Nf5 30. Rc2 Nd6 31. Qg5 Nxe4 32. Bxe4 Bf5 33. Re1 Bxe4 34.
Rxe4 Rf5 35. Qd2 h5 36. Qh6+ Qh7 37. Qxh7+ Kxh7 38. Rce2 Rd8 39. Kf1 d3 40. Rd2
Kh6 41. h4 g5 42. hxg5+ Kxg5 43. Re3 Rd4 44. Rdxd3 Rxc4 45. Rc3 Rd4 46. Rxc5
Rd2 47. Re2 Rd1+ 48. Kg2 e4 49. Rc4 e3 50. fxe3 Rff1 51. Rxa4 Rg1+ 52. Kf3
Rdf1+ 53. Rf2 1-0

[Event "Excelsior March op"]
[Site "Toronto CAN"]
[Date "2023.03.11"]
[Round "3.19"]
[White "Ajith, Aayush"]
[Black "Di Matteo, Alessio"]
[Result "1-0"]
[WhiteElo "1915"]
[BlackElo "1581"]
[PlyCount "43"]
[EventDate "2023.03.19"]
[EventType "swiss"]
[EventRounds "5"]
[EventCountry "CAN"]

1. d4 Nf6 2. c4 e6 3. Nc3 Bb4 4. Qc2 c5 5. e3 O-O 6. Bd2 b6 7. Bd3 Bb7 8. Nf3
d5 9. cxd5 exd5 10. O-O Nbd7 11. Ne5 cxd4 12. exd4 Rc8 13. Qa4 Bxc3 14. Bxc3
Ra8 15. Bb4 Re8 16. Nxd7 Nxd7 17. Bb5 a5 18. Ba3 Bc8 19. Qb3 Qg5 20. Bc6 Ra7
21. Rfe1 Rxe1+ 22. Rxe1 1-0

[Event "Excelsior March op"]
[Site "Toronto CAN"]
[Date "2023.03.11"]
[Round "3.20"]
[White "Pimentel, Sheldon"]
[Black "Struthers, Matthew"]
[Result "0-1"]
[WhiteElo "1577"]
[BlackElo "1973"]
[PlyCount "76"]
[EventDate "2023.03.19"]
[EventType "swiss"]
[EventRounds "5"]
[EventCountry "CAN"]

1. d4 d5 2. c4 e6 3. Nc3 Nf6 4. Bg5 Be7 5. e3 c6 6. Nf3 Nbd7 7. Bd3 b6 8. O-O
Bb7 9. Qe2 c5 10. cxd5 exd5 11. Rad1 O-O 12. Bb1 c4 13. Qc2 h6 14. Bf4 a6 15.
a4 Rc8 16. Ne5 Qe8 17. Ng4 h5 18. Nxf6+ Nxf6 19. Bg5 Ne4 20. Bxe7 Qxe7 21. f3
Nf6 22. e4 dxe4 23. fxe4 g6 24. Rf4 Ng4 25. Qe2 Qc7 26. e5 Rcd8 27. h3 Nh6 28.
d5 Rfe8 29. d6 Qc5+ 30. Kh2 Rxe5 31. Qxc4 Rg5 32. g3 Qe3 33. Ne2 Bf3 34. Rxf3
Qxf3 35. Be4 Qf2+ 36. Bg2 Nf5 37. Qc7 Rxd6 38. Qxd6 Nxd6 0-1

[Event "Excelsior March op"]
[Site "Toronto CAN"]
[Date "2023.03.11"]
[Round "3.21"]
[White "Loadman, Ian"]
[Black "Kim, Noah"]
[Result "1/2-1/2"]
[WhiteElo "1912"]
[BlackElo "1748"]
[PlyCount "80"]
[EventDate "2023.03.19"]
[EventType "swiss"]
[EventRounds "5"]
[EventCountry "CAN"]

1. e4 c6 2. d4 d5 3. exd5 cxd5 4. c4 Nf6 5. Nc3 g6 6. Qb3 Bg7 7. cxd5 O-O 8.
Be2 Nbd7 9. Bf3 Nb6 10. Nge2 Bg4 11. Bxg4 Nxg4 12. O-O Nf6 13. a4 a5 14. d6
Qxd6 15. Nb5 Qd7 16. Bf4 Nfd5 17. Be5 Rfc8 18. Bxg7 Kxg7 19. Rac1 Qe6 20. Rce1
Nf4 21. Qf3 Nxe2+ 22. Rxe2 Qd7 23. b3 Rc6 24. Rfe1 e6 25. Qg3 Nd5 26. h4 Nf6
27. Re5 h5 28. d5 Nxd5 29. Rxh5 Nf6 30. Rg5 Qd2 31. Qe5 Rc5 32. Qxc5 Qxe1+ 33.
Kh2 Rd8 34. h5 Rd1 35. Rxg6+ fxg6 36. Qe7+ Kg8 37. Qxf6 Qh1+ 38. Kg3 Qxh5 39.
Qxe6+ Kg7 40. Qe7+ Kg8 1/2-1/2

[Event "Excelsior March op"]
[Site "Toronto CAN"]
[Date "2023.03.11"]
[Round "3.22"]
[White "Heran-Boily, Samuel"]
[Black "Sirkovich, Daniel"]
[Result "1-0"]
[WhiteElo "1877"]
[BlackElo "1528"]
[PlyCount "51"]
[EventDate "2023.03.19"]
[EventType "swiss"]
[EventRounds "5"]
[EventCountry "CAN"]

1. e4 c6 2. d4 d5 3. Nd2 dxe4 4. Nxe4 Nf6 5. Nxf6+ exf6 6. c3 Bd6 7. Bd3 O-O 8.
Qc2 g6 9. h4 Bg4 10. f3 Bg3+ 11. Kf1 Be6 12. Ne2 Bd6 13. g4 Qc7 14. h5 Re8 15.
hxg6 fxg6 16. Bxg6 Re7 17. Bd3 c5 18. Bxh7+ Rxh7 19. Qg6+ Qg7 20. Qe8+ Bf8 21.
Qxe6+ Kh8 22. Rxh7+ Kxh7 23. Be3 Nc6 24. Kf2 Nd8 25. Rh1+ Kg6 26. Nf4+ 1-0

[Event "Excelsior March op"]
[Site "Toronto CAN"]
[Date "2023.03.11"]
[Round "3.23"]
[White "Ramesh, Sanjay"]
[Black "Cater, Brendan"]
[Result "0-1"]
[WhiteElo "1867"]
[BlackElo "1601"]
[PlyCount "90"]
[EventDate "2023.03.19"]
[EventType "swiss"]
[EventRounds "5"]
[EventCountry "CAN"]

1. d4 d5 2. c4 e6 3. Nc3 c5 4. cxd5 cxd4 5. Qxd4 Nc6 6. Qd1 exd5 7. Qxd5 Bd7 8.
Nf3 Nf6 9. Qd1 Bc5 10. e3 Qe7 11. Be2 O-O 12. O-O Rfd8 13. a3 Rac8 14. Qc2 Bd6
15. Rd1 h6 16. b3 Ne5 17. Bb2 Nfg4 18. Qe4 f5 19. Qxb7 Rc7 20. Qd5+ Be6 21. Qa5
Nxf3+ 22. Bxf3 Qh4 23. Bxg4 Qxh2+ 24. Kf1 fxg4 25. Ne4 Rcd7 26. Rxd6 Rxd6 27.
Nxd6 Qxd6 28. Qe5 Qd7 29. b4 Rf8 30. Bd4 Qf7 31. Qg3 Rc8 32. Qf4 Qd7 33. Qe5
Re8 34. Qc5 a6 35. Qa7 Qb5+ 36. Kg1 Qg5 37. Qc7 h5 38. Qe5 Qg6 39. Rc1 Bf7 40.
Qf4 h4 41. Rc5 g3 42. Rc1 Re4 43. Qf3 Bd5 44. Rc8+ Kh7 45. Qf8 Re8 0-1

[Event "Excelsior March op"]
[Site "Toronto CAN"]
[Date "2023.03.11"]
[Round "3.24"]
[White "Tan, Brendan"]
[Black "Oancea, Nicolae"]
[Result "0-1"]
[WhiteElo "1540"]
[BlackElo "1739"]
[PlyCount "80"]
[EventDate "2023.03.19"]
[EventType "swiss"]
[EventRounds "5"]
[EventCountry "CAN"]

1. e4 e5 2. Nf3 d6 3. d4 exd4 4. Nxd4 Nf6 5. Nc3 Nc6 6. f3 Be7 7. Bc4 Ne5 8.
Qe2 a6 9. a4 c6 10. Ba2 Qc7 11. h3 Bd7 12. Be3 b5 13. O-O c5 14. Nb3 Nc4 15.
Bf4 O-O 16. Nd2 Nxb2 17. Rab1 Nxa4 18. Nxa4 bxa4 19. Rfd1 Be6 20. Bxe6 fxe6 21.
e5 Nd5 22. Bh2 dxe5 23. Bxe5 Bd6 24. Ba1 Qf7 25. Ne4 Bf4 26. c4 Ne3 27. Nd6 Qg6
28. Rb7 e5 29. Rd3 Qg3 30. Rxe3 Qh2+ 31. Kf1 Qh1+ 32. Kf2 Bxe3+ 33. Qxe3 Qxa1
34. Qg5 Qd4+ 35. Ke1 e4 36. Nf5 Qg1+ 37. Ke2 exf3+ 38. Kxf3 Rxf5+ 39. Qxf5 Rf8
40. Rb8 Qf1+ 0-1

[Event "Excelsior March op"]
[Site "Toronto CAN"]
[Date "2023.03.11"]
[Round "3.25"]
[White "Marchand, Calix"]
[Black "Liu, Sean"]
[Result "1-0"]
[WhiteElo "1708"]
[BlackElo "1482"]
[PlyCount "86"]
[EventDate "2023.03.19"]
[EventType "swiss"]
[EventRounds "5"]
[EventCountry "CAN"]

1. e4 c5 2. c3 e6 3. d4 cxd4 4. cxd4 d5 5. e5 Nc6 6. Nf3 Bd7 7. Nc3 a6 8. Bd3
Bb4 9. a3 Ba5 10. O-O h6 11. b4 Bb6 12. Be3 Rc8 13. Rc1 Nge7 14. Qd2 Ng6 15.
Ne2 Nce7 16. Rxc8 Qxc8 17. Rc1 Qd8 18. Nc3 Kf8 19. h4 Nc6 20. Bxg6 fxg6 21. Ne2
Ne7 22. Nf4 Qe8 23. g4 Kg8 24. Qc2 Qf7 25. Kg2 Kh7 26. h5 Rc8 27. Qb1 Rxc1 28.
Bxc1 Qe8 29. hxg6+ Kg8 30. g5 hxg5 31. Nxg5 Bxd4 32. Bd2 Bxe5 33. Qh1 Bxf4 34.
Qh7+ Kf8 35. Qh8+ Ng8 36. Bxf4 e5 37. Nh7+ Ke7 38. Qxg7+ Kd8 39. Bxe5 Ne7 40.
Bf6 Bf5 41. Ng5 Bxg6 42. Bxe7+ Qxe7 43. Qxg6 d4 1-0

[Event "Excelsior March op"]
[Site "Toronto CAN"]
[Date "2023.03.11"]
[Round "3.26"]
[White "Zhao, Jifan"]
[Black "Allahverdi, Umid"]
[Result "1-0"]
[WhiteElo "1685"]
[BlackElo "1180"]
[PlyCount "119"]
[EventDate "2023.03.19"]
[EventType "swiss"]
[EventRounds "5"]
[EventCountry "CAN"]

1. e4 c5 2. Nf3 d6 3. Bb5+ Bd7 4. Bxd7+ Qxd7 5. O-O e5 6. c3 Nf6 7. Qe2 Be7 8.
Rd1 Nc6 9. d4 cxd4 10. cxd4 Nxd4 11. Nxd4 exd4 12. Rxd4 O-O 13. Nc3 Qe6 14. Bg5
Qe5 15. Bxf6 Bxf6 16. Rd3 Rfe8 17. Rad1 Rad8 18. f3 Qa5 19. Kh1 Bxc3 20. Rxc3
Qb6 21. Rcd3 f5 22. Rd4 fxe4 23. fxe4 Qc6 24. Qd3 Rf8 25. h3 Rf6 26. Rc4 Qb6
27. e5 Rg6 28. Qd5+ Kh8 29. exd6 h6 30. d7 Rf6 31. Re1 Rff8 32. Rce4 Qg6 33.
Re7 Kh7 34. Qe5 Rf2 35. Qd5 Rff8 36. Qxb7 Qd3 37. Qe4+ Qxe4 38. R1xe4 Rf1+ 39.
Kh2 h5 40. Rc4 Rd1 41. Rc7 a5 42. Re5 Kh6 43. Rxa5 R8xd7 44. Rxd7 Rxd7 45. b4
Rb7 46. b5 Kg6 47. a4 Kf7 48. Ra6 Ke7 49. b6 Kd6 50. a5 Kc6 51. Ra8 g5 52. Rg8
g4 53. Rg6+ Kb5 54. Rg5+ Ka6 55. Rxh5 gxh3 56. Kxh3 Rg7 57. g4 Rg8 58. Rf5 Rg7
59. g5 Rg6 60. Kg4 1-0